000 00450nam a2200181Ia 4500
001 19147
005 20260306171722.0
008 260306s9999||||xx |||||||||||||| ||und||
041 _aESP
082 _a658.8
_bM19
100 _aMalfitano Cayuela, Oscar
_eAUT
245 0 _aNeuromarketing:
_bCerebrando negocios y servicios
260 _c2014
300 _a325 páginas :
_c22 cm.
650 _aGEN
654 _aCAN
942 _cLIB
_dJUS
_fJUS
_2ddc
_n
999 _c19147
_d19147